Ảnh hưởng của Cách mạng tháng Mười Nga đến việc xác định con đường cứu nước của Nguyễn Ái Quốc /
Guardado en:
| Autor principal: | |
|---|---|
| Formato: | Artículo |
| Lenguaje: | Vietnamese |
| Materias: | |
| Etiquetas: |
Agregar Etiqueta
Sin Etiquetas, Sea el primero en etiquetar este registro!
|
| Thư viện lưu trữ: | Thư viện Trường Đại học Đà Lạt |
|---|
| LEADER | 00927nam a2200265 4500 | ||
|---|---|---|---|
| 001 | DLU170181969 | ||
| 005 | ##20171121 | ||
| 040 | # | # | |a DLU |b vie |
| 041 | # | # | |a vie |
| 044 | # | # | |a vn |
| 100 | # | # | |a Trần Thị Hiền. |
| 245 | # | # | |a Ảnh hưởng của Cách mạng tháng Mười Nga đến việc xác định con đường cứu nước của Nguyễn Ái Quốc / |c Trần Thị Hiền. |
| 653 | # | # | |a Cách mạng tháng Mười Nga |
| 653 | # | # | |a Giải phóng dân tộc |
| 653 | # | # | |a Nguyễn Ái Quốc |
| 773 | # | # | |t Kỷ yếu toạ đàm khoa học 100 năm Cách mạng Tháng 10 Nga (07/11/1917 - 07/11/2017) |g 2017, tr. 87-95 |
| 920 | # | # | |a Phòng Sau đại học -- Trung tâm Thông tin - Thư viện Trường Đại học Đà Lạt |
| 994 | # | # | |a DLU |
| 900 | # | # | |a True |
| 911 | # | # | |a Hoàng Thị Huyền |
| 925 | # | # | |a G |
| 926 | # | # | |a A |
| 927 | # | # | |a BB |
| 980 | # | # | |a Thư viện Trường Đại học Đà Lạt |